=LDR 00000nam 2200000 4500 =001 INLIS000000000008900 =005 20130612100725 =008 ***********************************Ind** =035 ##$$0010-061300000008900 =041 ##$$a Ind =082 ##$$a 642 =090 ##$$a 642, Win h =100 ##$$a Winata, Mary =245 ##$$a Hidangan foodcourt ala Singapura, Mary Winata =260 ##$$a 2002 $b Jakarta =300 ##$$a 94 hlm, Ilus, 25cm =650 ##$$a Hidangan =850 ##$$a NBPNMAT